000
00332nam a22001457a 4500
008
210428b ||||| |||| 00| 0 eng d
020
_a
9780136091837
041
_a
eng
080
_2
12th
_a
311
082
_a
311
100
_a
55
101
_a
STA
245
_a
Engineering Mechanics Statistics
_c
R. C. Hibbeler
942
_2
udc
_c
BK
999
_c
56903
_d
56903